000
00306nam a2200145Ia 4500
100
_a
Pew/ John A/ Pew/ S.G.
942
_c
BK
654
_a
computer
245
_a
Instant Java
260
_b
Sun Microsoft Systems
_c
1999
082
_a
5.133
_b
PEW/PEW
300
_a
275
546
_a
ENGLISH
999
_c
29985
_d
29985